| 000 | 00842nam a2200229 a 4500 | ||
|---|---|---|---|
| 001 | 77731 | ||
| 003 | BD-RjUL | ||
| 005 | 20211209083021.0 | ||
| 008 | 210104s1993 b ||||| |||| 00| 0 ben d | ||
| 020 |
_a984401114X _c: Tk,120.00 |
||
| 035 | _a(BD-RjUL) | ||
| 040 |
_aBD-RjUL _beng _cBD-RjUL _dBD-RjUL |
||
| 041 | _aeng | ||
| 082 |
_223 _a954.9205 _bHAJ 1993 |
||
| 100 |
_aহাবিব, হারুন _9243196 |
||
| 245 |
_aজনযুদ্ধের উপাখ্যান / _cহারুন হাবিব |
||
| 260 |
_aঢাকাঃ _bআগামী প্রকাশনী , _c১৯৯৩ |
||
| 300 |
_a১৯১ পৃ. ; _bচিত্র ; _c২১ সেমি |
||
| 650 |
_aমুক্তিযুদ্ধ _y১৯৭১ _zবাংলাদেশ _9243197 |
||
| 650 |
_aWar _y1971 _zBangladesh _9243198 |
||
| 942 |
_2ddc _cBK |
||
| 999 |
_c77731 _d77731 |
||